000 00511nam a22001697a 4500
005 20251108165418.0
008 250721s1970 xx 000 0 ara d
082 1 4 _aم/213.4/خزي
100 1 _aإبن خزيمه، أبو بكر محمد بن إسحق السلمي
245 1 0 _aصحيح إبن خزيمه /
264 1 _aبيروت :
_bالمكتب الإسلامي،
_c1970.
300 _a
650 1 7 _aالإسلام
650 1 7 _aالحديث الشريف
942 _2ddc
_cREF
999 _c27296
_d27296